000 00673nam a2200253Ia 4500
003 OSt
005 20220912150819.0
006 a|||||r|||| 00| 0
007 ta
008 220909b |||||||| |||| 00| 0 eng d
024 _a22091
037 _cTextual
040 _aCSL
_beng
_cCSL
041 _aeng
082 _aB316, M0
100 _aMassey William S
245 0 _aSingular homology theory
260 _aNew York
_b Springer- Verlag
_c1980
300 _axii, 265p.
_ccm. illus.
490 _aGraduate texts in Mathematics; 70
650 _aHomology theory
942 _hB316, M0
_cTEXL
_2CC
999 _c55569
_d55569